000 00561nam a2200205Ia 4500
005 20250508163650.0
008 008 250505s9999 xx 000 0 eng d
037 _aTextual
040 _aFEDL
_beng
_cFEDL
041 _aeng
_2eng
084 _a155.2, FRA
_qFEDL
100 _aFrager Robert
245 0 _aPersonality and personal growth
250 _a2nd
260 _aNew York, USA
_bHarper Collins Publishers
_c1984
300 _axix,522p.
700 _a Fadiman James
_9775918
942 _cTEXL
_h155.2, FRA
999 _c1384583
_d1384583